| 000 | 01162cam a2200349 i 4500 | ||
|---|---|---|---|
| 001 | 41560 | ||
| 003 | KOSZ 005 | ||
| 005 | 20221221103256.0 | ||
| 008 | 011114s2001 pl a f f |000 0 pol | ||
| 015 | _aPB 2001/18880 | ||
| 020 | _a8372511977 | ||
| 040 |
_aWA N _cWA N _dKOSZ 005/HR |
||
| 046 | _k2001 | ||
| 080 | _a005.342 | ||
| 080 | _a075.8) | ||
| 245 | 0 | 0 |
_aZarządzanie innowacjami technicznymi i organizacyjnymi : _bpraca zbiorowa / _cpod red. Marka Brzezińskiego. |
| 260 |
_aWarszawa : _b"Difin", _c2001. |
||
| 300 |
_a347 s. : _bil. ; _c23 cm. |
||
| 336 |
_2rdacontent _aTekst _btxt |
||
| 337 |
_2rdamedia _aBez urządzenia pośredniczącego _bn |
||
| 338 |
_2rdacarrier _aWolumin _bnc |
||
| 380 | _aKsiążki | ||
| 388 | _a2001- | ||
| 504 | _aBibliogr. przy częściach. | ||
| 650 | 4 | _aZarządzanie innowacjami | |
| 655 | 4 | _aPodręczniki akademickie | |
| 658 | _aZarządzanie i marketing | ||
| 700 | 1 |
_aBrzeziński, Marek _d(1949- ) _eRedakcja _eAutor |
|
| 710 | 2 |
_aDifin _4pbl. |
|
| 856 |
_uhttp://koha.tu.koszalin.pl/cgi-bin/koha/opac-detail.pl?biblionumber=41560 _yKatalog online BPK |
||
| 942 |
_2UKD _cKS |
||
| 999 |
_c41560 _d41560 |
||